| 000 | 00576nam a22001937a 4500 | ||
|---|---|---|---|
| 003 | OSt | ||
| 005 | 20251118103421.0 | ||
| 008 | 251118b |||||||| |||| 00| 0 eng d | ||
| 020 | _a978-007-128930-6. | ||
| 040 |
_aDWCL-Admin lib _cOC |
||
| 082 | _aCirc. 621.317 H325p 2011 | ||
| 100 | _aHart, Daniel W. | ||
| 245 |
_aPower electronics / _cDaniel W. Hart |
||
| 260 |
_aN.Y. : _bMcGraw-Hill, _cc 2011 |
||
| 300 |
_a xiii, 477 p. : ill. ; _c24 cm. |
||
| 504 | _aIncludes bibliographical references & index. | ||
| 650 | _a1. Power electronics | ||
| 942 |
_2ddc _cBK-CIRC _kCirc. _n0 |
||
| 999 |
_c5759 _d5759 |
||